| 000 | 01593nam a2200253Ia 4500 | ||
|---|---|---|---|
| 001 | 19467 | ||
| 003 | GE_BSU | ||
| 008 | 181216s||||||||xx |||||||||||||| ||und|| | ||
| 040 | _cGE_BSU | ||
| 080 | _a811.353.1 | ||
| 100 | _aჯავახიშვილი, ივ. | ||
| 245 | _aქართული და კავკასიური ენების თავდაპირველი ბუნება და ნათესაობა:წ. 2 | ||
| 250 | _aსსრკ მეცნ. აკად. საქ. ფილიალის გამომცემლობა | ||
| 260 | _aტფილისი. | ||
| 260 | _bსსრკ მეცნ. აკად. საქ. ფილიალის გამომცემლობა | ||
| 260 | _c1937 | ||
| 300 | _aXVI, 754გვ;24სმ. | ||
| 300 | _bდამატ. თავფურ. რუს. და ფრანგ. ენ.. - დანართი: პირთა საძიებელი (გვ. 629-632), გეოგრაფიული სახელების საძიებელი (გვ. 632-639), ტომობრივი სახელების საძიებელი (გვ. 641-643), ტერმინების საძიებელი (გვ. 643-754) | ||
| 300 | _cბიბლიოგრაფია: ლიტერატურა შენიშვნებში. | ||
| 541 | _h4ლ.50თ. | ||
| 653 | _aქართული ენა | ||
| 653 | _aქართული ენა; კავკასიური ენები; | ||
| 942 | _cBK | ||
| 999 |
_c52444 _d52444 |
||